Представление документа в формате MARC21

Поле Инд. ПП Название Значение
Тип записи a
Библиографический уровень a
001 Контрольный номер 9208fbcd62194f959230957b70bdd122
005 Дата корректировки 20220513120720.2
080 a Индекс УДК 330.341.1
097 b Оператор *Ир*
100 1_ a Автор Задорожнюк Н.А.
245 10 a Заглавие Механизм формирования инновационной стратегии предприятия
b Продолж. заглавия статья
p Название части/ раздела - Текст : электронный
520 0_ a Аннотация Предложен механизм формирования инновационной стратегии предприятия.
653 0_ a Ключевые слова Инновационные стратегии
653 0_ a Ключевые слова Инновационный потенциал
653 0_ a Ключевые слова Субстратегии
773 18 t Название источника Экономика и управление предприятиями, отраслями, комплексами в условиях инновационного развития : сб. науч. тр. III Междунар. науч.-практ. конф. : в 2 ч. Ч.1 (Тверь, 11 декабря 2017 г.) / под общ. ред. О.М. Дюжиловой, Г.Г. Скворцовой
d Место и дата издания Тверь : ТвГТУ, 2018
g Прочая информация С. 55-57
w Контрольный № источника 92180f94c3d949dd8fb98d1531188c5f
856 40 u URL https://elibrary.ru/item.asp?id=32495567&pff=1
901 t Тип документа b
905 a Дата создания записи 13.05.22
950 a Редактор записи гм